Global warming and climatic sensitivity: a case study of Uttarakhand state of Indian Himalaya (Record no. 115814)

000 -LEADER
fixed length control field 00464pab a2200157 454500
008 - FIXED-LENGTH DATA ELEMENTS--GENERAL INFORMATION
fixed length control field 180718b2017 xxu||||| |||| 00| 0 eng d
100 ## - MAIN ENTRY--PERSONAL NAME
Personal name Prashant Kumar
245 ## - TITLE STATEMENT
Title Global warming and climatic sensitivity: a case study of Uttarakhand state of Indian Himalaya
260 ## - PUBLICATION, DISTRIBUTION, ETC.
Date of publication, distribution, etc. 2017
300 ## - PHYSICAL DESCRIPTION
Extent p.589-607.
650 ## - SUBJECT ADDED ENTRY--TOPICAL TERM
Topical term or geographic name entry element Case studies - Climatic change
650 ## - SUBJECT ADDED ENTRY--TOPICAL TERM
Topical term or geographic name entry element Climatic change
650 ## - SUBJECT ADDED ENTRY--TOPICAL TERM
Topical term or geographic name entry element Greenhouse effect
773 ## - HOST ITEM ENTRY
Main entry heading Man in India
909 ## -
-- 115820
Holdings
Withdrawn status Lost status Damaged status Not for loan Permanent Location Current Location Date acquired Serial Enumeration / chronology Barcode Date last seen Price effective from Koha item type
        Indian Institute of Public Administration Indian Institute of Public Administration 2018-07-19 Volume no: 97, Issue no: 2 AR116280 2018-07-19 2018-07-19 Articles

Powered by Koha